[Event "Istanbul ol (Women)"]
[Site "Istanbul"]
[Date "2000.11.10"]
[Round "13.3"]
[White "Levushkina, Elena"]
[Black "Jensen, Christine"]
[Result "1-0"]
[WhiteElo "2103"]
[BlackElo "2030"]
[PlyCount "81"]
[EventDate "2000.10.28"]
[EventType "team-swiss"]
[EventRounds "14"]
[EventCountry "TUR"]
[SourceTitle "EXT 2001"]
[Source "ChessBase"]
[SourceDate "2000.11.22"]
[SourceVersion "1"]
[SourceVersionDate "2000.11.22"]
[SourceQuality "1"]
[WhiteTeam "Uzbekistan"]
[BlackTeam "Danmark"]
[WhiteTeamCountry "UZB"]
[BlackTeamCountry "DEN"]

1. e4 c5 2. Nf3 e6 3. c3 d5 4. exd5 exd5 5. d4 Nc6 6. Bb5 Bd6 7. O-O Nge7 8.
dxc5 Bxc5 9. Nbd2 O-O 10. Nb3 Bb6 11. Bd3 Qd6 12. Re1 h6 13. Be3 Bxe3 14. Rxe3
Nf5 15. Bxf5 Bxf5 16. Nfd4 Bg6 17. Qe2 a6 18. Rd1 Rad8 19. h3 Rd7 20. Nxc6 Qxc6
21. Rd4 b5 22. Qd2 Rfd8 23. Nc1 Rd6 24. Ne2 Bb1 25. a3 Ba2 26. Qc2 Re6 27. b3
Rxe3 28. fxe3 Qe6 29. Qxa2 Qxe3+ 30. Kh1 Re8 31. Rd2 Qf2 32. Qc2 Qe1+ 33. Kh2
Re3 34. c4 f5 35. cxd5 f4 36. Ng1 Qg3+ 37. Kh1 Re1 38. Re2 f3 39. Qc8+ Kh7 40.
Qf5+ Kg8 41. Qxf3 1-0

[Event "Istanbul ol (Women)"]
[Site "Istanbul"]
[Date "2000.11.12"]
[Round "14.1"]
[White "Vovk, Oksana"]
[Black "Arnetta, Marianna"]
[Result "1/2-1/2"]
[WhiteElo "2093"]
[BlackElo "2081"]
[PlyCount "101"]
[EventDate "2000.10.28"]
[EventType "team-swiss"]
[EventRounds "14"]
[EventCountry "TUR"]
[SourceTitle "EXT 2001"]
[Source "ChessBase"]
[SourceDate "2000.11.22"]
[SourceVersion "1"]
[SourceVersionDate "2000.11.22"]
[SourceQuality "1"]
[WhiteTeam "Danmark"]
[BlackTeam "Italien"]
[WhiteTeamCountry "DEN"]
[BlackTeamCountry "ITA"]

1. d4 e6 2. c4 d5 3. Nc3 Nf6 4. cxd5 exd5 5. Bg5 Be7 6. Qc2 O-O 7. e3 b6 8. Bd3
h6 9. Bh4 Bb7 10. Nf3 Nbd7 11. O-O c5 12. b3 a6 13. Qe2 b5 14. dxc5 Nxc5 15.
Rac1 Nfe4 16. Bxe7 Qxe7 17. Bb1 Nxc3 18. Rxc3 Ne4 19. Rc2 Rac8 20. Rfc1 Qd7 21.
Nd4 b4 22. Qd3 g6 23. Ne2 Rxc2 24. Qxc2 Rc8 25. Qb2 Nc5 26. Qd4 Qb5 27. Nf4 Ne6
28. Rxc8+ Bxc8 29. Qxd5 Nxf4 30. Qxb5 axb5 31. exf4 Kg7 32. Bd3 Bd7 33. Kf1 Kf6
34. Ke2 Bc6 35. f3 Ke6 36. Ke3 Kd6 37. Kd4 Bd7 38. Be4 Be6 39. g4 Bd7 40. f5 g5
41. Ba8 f6 42. f4 Be8 43. fxg5 hxg5 44. Ke4 Bd7 45. Kf3 Ke5 46. Kg3 Be8 47. h4
gxh4+ 48. Kxh4 Kf4 49. Bd5 Bd7 50. Bf7 Bc6 51. Kh5 1/2-1/2